Fenomén zvaný maloobchodné značky

Maloobchodné značky (MOZ) sú zastúpené v najrozvinutejších firmách vo vyspelých štátoch, kde reprezentujú približne polovicu trhu. Sú MOZ na Slovensku kvalitné? Problém výroba - obchod. Delenie značiek - existujú MOZ totožné s názvom reťazca. Pokračovanie v ďalšom čísle.

Guardado en:
Detalles Bibliográficos
Autor principal: Hinková-Dibarborová, Andrea
Formato: Capítulo de libro
Lenguaje:eslovaco
Materias:
Etiquetas: Agregar Etiqueta
Sin Etiquetas, Sea el primero en etiquetar este registro!

MARC

LEADER 00000naa a2200000 4500
001 r041685
005 20231004093600.5
041 0 |a slo 
044 |a SK 
245 1 0 |a Fenomén zvaný maloobchodné značky  |c Andrea Hinková 
520 |a Maloobchodné značky (MOZ) sú zastúpené v najrozvinutejších firmách vo vyspelých štátoch, kde reprezentujú približne polovicu trhu. Sú MOZ na Slovensku kvalitné? Problém výroba - obchod. Delenie značiek - existujú MOZ totožné s názvom reťazca. Pokračovanie v ďalšom čísle. 
610 2 0 |a značky maloobchodné 
610 2 0 |a maloobchod 
610 2 0 |a kvalita výrobkov 
610 2 0 |a Slovensko 
100 1 |a Hinková-Dibarborová, Andrea